| 000 | 00479nam a2200145 a 4500 | ||
|---|---|---|---|
| 001 | 000045595 | ||
| 005 | 20201002052333.0 | ||
| 008 | 150416s2002 dr 000 0 spa d | ||
| 040 |
_aDO-SdBNP _bspa _cBNPHU |
||
| 100 | 1 |
_aCastillo, Pelegrín _921834 |
|
| 245 | 1 | 0 |
_aMemorias de un diputado : _bcampaña electoral II / _cPelegrín Castillo. |
| 260 |
_aSanto Domingo : _b[s.d.], _c2002. |
||
| 300 |
_a51 p. ; _c21 cm. |
||
| 590 | _aPerteneció a la biblioteca personal de Erick Landestoy | ||
| 999 |
_c45084 _d45084 |
||